| 000 | 00454nam a2200145Ia 4500 | ||
|---|---|---|---|
| 008 | 150121s9999 xx 000 0 und d | ||
| 020 | _a1908-7349 | ||
| 245 |
_aMSEUF Research Studies / _h[electronic resource] |
||
| 260 |
_bManuel S. Enverga University Foundation, _c2012. |
||
| 516 | _aElectronic text | ||
| 650 | _aMultidisciplinary. | ||
| 830 | _aPhilippine E-Journals | ||
| 856 | _uhttp://www.ejournals.ph/index.php?journal=MSEUFRS | ||
| 942 | _cEJ | ||
| 999 |
_c277062 _d277062 |
||